[Event "Women's Speed Chess Q2"]
[Site "chess.com INT"]
[Date "2020.06.19"]
[Round "5"]
[White "Mammadzada, Gunay"]
[Black "Arakhamia-Grant, Ketevan"]
[Result "1-0"]
[WhiteTitle "IM"]
[BlackTitle "GM"]
[WhiteElo "2443"]
[BlackElo "2380"]
[WhiteFideId "13403729"]
[BlackFideId "13600168"]
[EventDate "2020.06.19"]

1. e4 c5 2. Nf3 Nc6 3. d4 cxd4 4. Nxd4 e5 5. Nb5 d6 6. c4 Be7 7. N1c3 a6 8. Na3
Nf6 9. Nc2 Be6 10. Be2 Rc8 11. O-O Na5 12. b3 b5 13. Nd5 bxc4 14. b4 Nc6 15.
Bxc4 Nxe4 16. Bxa6 Rb8 17. Nxe7 Nxe7 18. Be3 O-O 19. Bd3 Bd5 20. a4 f5 21. f3
Nf6 22. b5 Qa5 23. Kh1 Ba8 24. Bd2 Qc7 25. a5 d5 26. b6 Qd7 27. Bb4 Rfc8 28.
Bxe7 Qxe7 29. Bxf5 Rc5 30. f4 e4 31. Nd4 Rc4 32. Rb1 Qc5 33. Nb3 Qc6 34. Qd2 g6
35. Nd4 Qc5 36. Be6+ Kh8 37. Nb3 Qd6 38. f5 gxf5 39. Bxf5 d4 40. Qh6 Rg8 41.
Bxh7 Rxg2 42. Bf5+ Kg8 43. Bh7+ Kh8 44. Rxf6 1-0

[Event "Women's Speed Chess Q2"]
[Site "chess.com INT"]
[Date "2020.06.19"]
[Round "5"]
[White "Maltsevskaya, Aleksandra"]
[Black "Vijayalakshmi, Subbaraman"]
[Result "1/2-1/2"]
[WhiteTitle "WGM"]
[BlackTitle "IM"]
[WhiteElo "2272"]
[BlackElo "2332"]
[WhiteFideId "24174041"]
[BlackFideId "5004098"]
[EventDate "2020.06.19"]

1. e4 e5 2. Nf3 Nc6 3. Bb5 a6 4. Ba4 Nf6 5. O-O Be7 6. Re1 b5 7. Bb3 d6 8. c3
Na5 9. Bc2 c5 10. h3 Qc7 11. d4 Bb7 12. Nbd2 cxd4 13. cxd4 Rc8 14. Bd3 O-O 15.
d5 Rb8 16. a4 Bc8 17. axb5 axb5 18. b4 Nc4 19. Qc2 Bd7 20. Nxc4 bxc4 21. Bd2
Rfc8 22. Rec1 Bb5 23. Be3 Rb7 24. Nd2 cxd3 25. Qb2 Qb8 26. Nb3 Rxc1+ 27. Rxc1
Rc7 28. Na5 Rxc1+ 29. Qxc1 Nxe4 30. Nc6 Bxc6 31. dxc6 Bd8 32. b5 Qxb5 33. c7
Bxc7 34. Qxc7 h6 35. Qc8+ Kh7 36. Qf5+ Kg8 37. Qxe4 Qa6 38. Qd5 Kf8 39. Kh2 Ke7
40. f4 f6 41. f5 Kf8 42. Kg3 Qa3 43. Kf3 h5 44. Ke4 Ke7 45. Qxd3 Qxd3+ 46. Kxd3
d5 47. Bc5+ Kf7 48. g4 hxg4 49. hxg4 g6 50. Ke3 Kg7 51. Kf3 Kh6 52. Be3+ Kg7 53.
Bd2 Kf7 54. Bb4 Kg7 55. Be7 Kf7 56. Bd8 Kg7 57. g5 gxf5 58. Bxf6+ Kg6 59. Bxe5
Kxg5 60. Bd4 Kg6 61. Bf2 Kf6 62. Bd4+ Kg5 63. Be3+ f4 64. Bxf4+ Kf5 65. Be3 d4
66. Bf2 d3 67. Be3 Ke5 68. Bd2 Kd5 69. Ke3 Kc4 70. Be1 Kb3 71. Kxd3 1/2-1/2

[Event "Women's Speed Chess Q2"]
[Site "chess.com INT"]
[Date "2020.06.19"]
[Round "5"]
[White "Tomilova, Elena"]
[Black "Juhasz, Barbara"]
[Result "1-0"]
[WhiteTitle "WGM"]
[BlackTitle "WIM"]
[WhiteElo "2353"]
[BlackElo "2223"]
[WhiteFideId "4162340"]
[BlackFideId "743585"]
[EventDate "2020.06.19"]

1. d4 Nf6 2. c4 g6 3. Nc3 Bg7 4. e4 d6 5. Be2 O-O 6. Bg5 c5 7. d5 e6 8. Qd2 exd5
9. exd5 Qb6 10. Nf3 Bf5 11. Nh4 Ne4 12. Nxe4 Bxe4 13. f3 h6 14. Bxh6 Bxh6 15.
Qxh6 Qxb2 16. O-O Bc2 17. Kh1 Re8 18. Qd2 Qd4 19. Qxc2 Qxh4 20. Rab1 b6 21. f4
Nd7 22. g3 Qf6 23. Bf3 Re7 24. Rbe1 Rae8 25. Rxe7 Rxe7 26. Qa4 Nf8 27. Qc6 Kg7
28. Kg2 Re3 29. Rf2 Qe7 30. Qa4 Nh7 31. Qc2 Nf6 32. Qb2 Kg8 33. Re2 Rxe2+ 34.
Qxe2 Qxe2+ 35. Bxe2 Ne4 36. Bd3 Nc3 37. a3 b5 38. cxb5 Nxd5 39. Kf3 Kf8 40. a4
Ke7 41. a5 Nb4 42. Be2 d5 43. g4 c4 44. Ke3 Kd6 45. b6 axb6 46. axb6 Kc6 47. h4
Kxb6 48. h5 gxh5 49. gxh5 Kc5 50. h6 d4+ 51. Kd2 c3+ 52. Kd1 d3 53. Bxd3 Nxd3
54. h7 1-0

[Event "Women's Speed Chess Q2"]
[Site "chess.com INT"]
[Date "2020.06.19"]
[Round "5"]
[White "Sakorenko, Adriana"]
[Black "Shafigullina, Zarina"]
[Result "0-1"]
[WhiteTitle "WFM"]
[BlackTitle "WFM"]
[WhiteElo "2216"]
[BlackElo "2296"]
[WhiteFideId "34130249"]
[BlackFideId "24174220"]
[EventDate "2020.06.19"]

1. Nf3 Nf6 2. e3 d5 3. Be2 c6 4. O-O Nbd7 5. c4 e5 6. d3 Bd6 7. b3 O-O 8. Bb2
Re8 9. Nbd2 Nf8 10. Re1 Ng6 11. Qc2 Bf5 12. e4 Be6 13. g3 Rc8 14. Rad1 h6 15.
Bf1 Bg4 16. h3 Bd7 17. Bg2 b6 18. d4 exd4 19. Nxd4 dxe4 20. Nxe4 Nxe4 21. Rxe4
Bc5 22. Nf5 Rxe4 23. Bxe4 f6 24. Qd3 Rc7 25. Nxh6+ gxh6 26. Bxg6 Qe7 27. Bf5
Bxf5 28. Qxf5 Qf7 29. Qxf6 Qxf6 30. Bxf6 Kf7 31. Be5 Re7 32. Bf4 Re2 33. Rf1
Rxa2 34. Bxh6 Rb2 35. h4 Rxb3 36. h5 a5 37. Bg5 a4 38. h6 a3 39. Kg2 a2 40. Ra1
Rb2 41. Kh3 Bd4 0-1

[Event "Women's Speed Chess Q2"]
[Site "chess.com INT"]
[Date "2020.06.19"]
[Round "5"]
[White "Antolak, Julia"]
[Black "Filippova, Margarita"]
[Result "1/2-1/2"]
[WhiteTitle "WIM"]
[BlackTitle "WFM"]
[WhiteElo "2323"]
[BlackElo "1931"]
[WhiteFideId "1159569"]
[BlackFideId "34199680"]
[EventDate "2020.06.19"]

1. e4 Nf6 2. e5 Nd5 3. d4 d6 4. Bc4 Nb6 5. Bb3 g6 6. e6 Bxe6 7. Bxe6 fxe6 8. Nf3
Bg7 9. Ng5 Bf6 10. Nxe6 Qd7 11. Qe2 Nc6 12. c3 Nd8 13. Nxd8 Rxd8 14. Bh6 Qf5 15.
O-O Kf7 16. Be3 Rhe8 17. Nd2 Kg8 18. Rae1 e5 19. dxe5 Rxe5 20. Qf3 Qxf3 21. Nxf3
Ree8 22. Bd4 Bxd4 23. Nxd4 Kf7 24. f4 Nc4 25. b3 Nd2 26. Rxe8 Rxe8 27. Rd1 Ne4
28. Rd3 Nc5 29. Rf3 Re1+ 30. Kf2 Ra1 31. f5 Rxa2+ 32. Kg3 g5 33. Re3 h6 34. h4
Rb2 35. hxg5 hxg5 36. Kg4 Rxg2+ 37. Kf3 Rb2 38. Kg4 Nxb3 39. Nxb3 Rxb3 40. Kxg5
Rb1 41. Rh3 Rg1+ 42. Kf4 Rf1+ 43. Kg5 Rg1+ 44. Kf4 a5 45. Rh7+ Rg7 46. Rh2 a4
47. Rb2 b6 48. Rb4 Kf6 49. Rxa4 Rg1 50. Ra7 Rf1+ 51. Ke4 Rxf5 52. Rxc7 Rc5 53.
Rb7 Rxc3 54. Rxb6 Ke6 55. Kd4 Rc1 56. Rb8 Rd1+ 57. Ke3 d5 58. Rd8 Ra1 59. Kd3
Ra3+ 60. Kd4 Ra4+ 61. Kd3 Ke5 62. Re8+ Kd6 63. Rd8+ Kc6 64. Rc8+ Kd7 65. Rh8 Kd6
66. Rd8+ Kc7 67. Rh8 d4 68. Rh4 Kd6 69. Rxd4+ Rxd4+ 70. Kxd4 1/2-1/2

[Event "Women's Speed Chess Q2"]
[Site "chess.com INT"]
[Date "2020.06.19"]
[Round "5"]
[White "Berdychevskaya, Natasha"]
[Black "Jannatul, Ferdous"]
[Result "1-0"]
[WhiteTitle "WFM"]
[BlackTitle "WCM"]
[WhiteElo "2208"]
[BlackElo "1844"]
[WhiteFideId "4159322"]
[BlackFideId "10212590"]
[EventDate "2020.06.19"]

1. e4 c5 2. Nf3 Nc6 3. d4 cxd4 4. Nxd4 Nf6 5. Nc3 e5 6. Ndb5 d6 7. Bg5 a6 8. Na3
b5 9. Nd5 Be7 10. Bxf6 Bxf6 11. c3 Bg5 12. Nc2 O-O 13. a4 bxa4 14. Rxa4 a5 15.
Bc4 Rb8 16. b3 Kh8 17. h4 Bh6 18. g4 f6 19. Nce3 Bxe3 20. Nxe3 Ne7 21. Ra2 Ng6
22. Rd2 Rb6 23. Nd5 Rb7 24. h5 Nf4 25. Nxf4 exf4 26. Rxd6 Qe7 27. O-O Qxe4 28.
Re1 Qxe1+ 29. Qxe1 Bxg4 30. h6 Bf5 31. hxg7+ Rxg7+ 32. Kh2 f3 33. Qe3 Rg2+ 34.
Kh1 Rg5 35. Qxf3 Bg4 36. Qf4 Rh5+ 37. Kg2 Rg5 38. Kf1 Bh3+ 39. Ke1 Re8+ 40. Kd2
Rf5 41. Qh4 Bg2 42. Rxf6 Rd8+ 43. Ke3 Re5+ 44. Kf4 Re4+ 45. Kg3 Rxh4 46. Kxh4
Kg7 47. Ra6 Bb7 48. Ra7 Rd7 49. Ba6 1-0

[Event "Women's Speed Chess Q2"]
[Site "chess.com INT"]
[Date "2020.06.19"]
[Round "5"]
[White "Hejazipour, Mitra"]
[Black "Kirchei, Viktoriia"]
[Result "1-0"]
[WhiteTitle "WGM"]
[BlackTitle "WFM"]
[WhiteElo "2300"]
[BlackElo "2207"]
[WhiteFideId "12505951"]
[BlackFideId "34133396"]
[EventDate "2020.06.19"]

1. Nf3 Nf6 2. d4 e6 3. c4 Bb4+ 4. Nbd2 O-O 5. a3 Be7 6. e3 d5 7. Bd3 dxc4 8.
Nxc4 a6 9. b4 b5 10. Nce5 Bb7 11. O-O Nbd7 12. Bb2 Nb6 13. Qc2 Nbd5 14. Nc6 Bxc6
15. Qxc6 Qd6 16. Qc2 Qd8 17. g3 h6 18. Rfc1 Rc8 19. e4 Nb6 20. Qc6 Nfd7 21. e5
Nb8 22. Qe4 g6 23. h4 h5 24. Rc2 Qd5 25. Qe2 Kg7 26. Be4 Qd7 27. Bc1 Nc4 28. Bf4
Nc6 29. Rxc4 bxc4 30. Qxc4 Nd8 31. Qxa6 c6 32. Qd3 Rb8 33. Qd2 Nb7 34. Bh6+ Kh7
35. Bxf8 Bxf8 36. Ng5+ Kg7 37. Bf3 Be7 38. Ne4 Rh8 39. Rc1 Nd8 40. Nc5 Qa7 41.
Qc3 f6 42. a4 fxe5 43. dxe5 Rf8 44. Be4 Bxc5 45. Qxc5 Qxa4 46. Qd4 Qa2 47. Rc2
Qb1+ 48. Kg2 Qe1 49. Qd7+ Nf7 50. Qd3 Nxe5 51. Qd4 Kf6 52. f4 Ke7 53. Qxe5 Rd8
54. Qg5+ Kd7 55. Bxc6+ Kc7 56. Bf3+ 1-0

[Event "Women's Speed Chess Q2"]
[Site "chess.com INT"]
[Date "2020.06.19"]
[Round "5"]
[White "Toncheva, Nadya"]
[Black "Robledo, Cristian"]
[Result "1-0"]
[WhiteTitle "WFM"]
[BlackTitle "FM"]
[WhiteElo "2064"]
[BlackElo "2274"]
[WhiteFideId "2924056"]
[BlackFideId "133450"]
[EventDate "2020.06.19"]

1. e4 c5 2. c3 Nf6 3. e5 Nd5 4. Nf3 e6 5. Bc4 Qc7 6. O-O d6 7. exd6 Bxd6 8. Re1
O-O 9. h3 Nf4 10. d3 b6 11. Be3 Bb7 12. Nbd2 Nd7 13. Ne4 Be7 14. Qd2 Ng6 15.
Rad1 f5 16. Neg5 f4 17. Nxe6 fxe3 18. Nxc7+ Kh8 19. Qxe3 Bd6 20. Nxa8 Bxa8 21.
d4 Nf6 22. dxc5 Bxc5 23. Qd3 Nf4 24. Qd8 Bxf3 25. gxf3 Nxh3+ 26. Kh2 Ng5 27. Kg2
Nh5 28. Qxf8+ Bxf8 29. Re8 g6 30. Rxf8+ Kg7 31. Rg8+ Kh6 32. Kf1 Nxf3 33. Rd7
Nf6 34. Rgg7 Ne5 35. Bb5 a6 36. Rge7 axb5 37. Rxe5 Nxd7 38. Rxb5 Kg7 39. a4 h5
40. b4 Kf6 41. a5 bxa5 42. Rxa5 Ke6 43. c4 Ne5 44. Ra6+ Kd7 45. c5 Kc7 46. Rd6
h4 47. Re6 Nf3 48. b5 h3 49. Re7+ Kd8 50. Rf7 Ng5 51. Rf8+ Kd7 52. Rh8 Kc7 53.
Kg1 Kb7 54. Kh2 Kc7 55. Rxh3 Ne4 56. Rf3 Kd8 57. Rd3+ Kc7 58. Rd5 1-0

[Event "Women's Speed Chess Q2"]
[Site "chess.com INT"]
[Date "2020.06.19"]
[Round "5"]
[White "Tokhirjonova, Gulrukhbegim"]
[Black "Karnaukhova, Elmira"]
[Result "0-1"]
[WhiteTitle "WGM"]
[BlackTitle "WGM"]
[WhiteElo "2378"]
[BlackElo "2319"]
[WhiteFideId "14203626"]
[BlackFideId "4148827"]
[EventDate "2020.06.19"]

1. e4 c5 2. Nf3 e6 3. d4 cxd4 4. Nxd4 Nf6 5. Nc3 Nc6 6. Nxc6 bxc6 7. e5 Nd5 8.
Ne4 Qa5+ 9. c3 Ba6 10. Bxa6 Qxa6 11. Qe2 Qxe2+ 12. Kxe2 f5 13. exf6 Nxf6 14.
Nxf6+ gxf6 15. Be3 d5 16. b3 Bd6 17. Rad1 Kf7 18. f4 Rhg8 19. g3 h5 20. Kf3 a5
21. Rhf1 a4 22. Ra1 Rgb8 23. b4 e5 24. fxe5 fxe5 25. Ke2+ Ke6 26. a3 Rf8 27. Bh6
Rxf1 28. Rxf1 Rh8 29. Be3 Rf8 30. Rc1 Kf5 31. h3 Rg8 32. Rf1+ Ke6 33. Rg1 e4 34.
g4 Bh2 35. Rg2 Be5 36. Bd4 hxg4 37. hxg4 Bf4 38. Rg1 Rg6 39. Be3 Be5 40. Bd4 Bf4
41. Be3 Be5 42. Kd2 Rg7 43. g5 Rg6 44. Ke2 Bxc3 45. Rc1 d4 46. Bxd4 Bxd4 47.
Rxc6+ Kf5 48. Rc4 Ke5 49. b5 Rxg5 50. Rxa4 Rg2+ 51. Ke1 Rb2 52. Ra6 Kf4 53. a4
Ke3 54. Kd1 Kd3 55. Kc1 e3 56. Rd6 Ra2 0-1

[Event "Women's Speed Chess Q2"]
[Site "chess.com INT"]
[Date "2020.06.19"]
[Round "5"]
[White "Ambartsumova, Karina"]
[Black "Shuvalova, Polina"]
[Result "1/2-1/2"]
[WhiteTitle "IM"]
[BlackTitle "WGM"]
[WhiteElo "2371"]
[BlackElo "2454"]
[WhiteFideId "4166299"]
[BlackFideId "24171760"]
[EventDate "2020.06.19"]

1. e4 c6 2. d4 d5 3. exd5 cxd5 4. Nf3 Nc6 5. Ne5 Nxe5 6. dxe5 e6 7. Bd3 Ne7 8.
O-O Nc6 9. Re1 Be7 10. c3 O-O 11. Nd2 Bd7 12. Qh5 g6 13. Qh3 d4 14. Nf3 dxc3 15.
bxc3 Re8 16. Bf4 Rc8 17. Rad1 Qc7 18. Ng5 h5 19. Qg3 Rf8 20. Be4 Rcd8 21. Bxg6
fxg6 22. Nxe6 Bxe6 23. Qxg6+ Kh8 24. Qxh5+ Kg8 25. Qg6+ Kh8 26. Qh6+ Kg8 27.
Qg6+ Kh8 28. Qh6+ Kg8 29. Qxe6+ Rf7 30. Bh6 Rxd1 31. Rxd1 Qxe5 32. Qg6+ Rg7 33.
Bxg7 Qxg7 34. Qe6+ Qf7 35. Qg4+ Qg7 36. Qc4+ Qf7 37. Qg4+ Qg7 38. Qc8+ Bf8 39.
h3 Ne5 40. Qe6+ Kh8 41. Rd8 Nc6 42. Rd7 Qg5 43. g3 Qc1+ 44. Kg2 Qg5 45. Qf7 Qh6
46. Rxb7 Ne5 47. Qf5 Qc6+ 48. f3 Qxb7 49. Qxe5+ Bg7 50. Qe8+ Kh7 51. Qh5+ Bh6
52. Qf5+ Kg7 53. Qe5+ Kh7 54. Qf5+ Kg8 55. Qe6+ Kg7 56. Qe5+ Kf7 57. Qf5+ Kg7
58. Qe5+ 1/2-1/2

[Event "Women's Speed Chess Q2"]
[Site "chess.com INT"]
[Date "2020.06.19"]
[Round "5"]
[White "Castillo Pena, Patricia Evarista"]
[Black "Ovezdurdiyeva, Jemal"]
[Result "0-1"]
[WhiteTitle "WCM"]
[BlackTitle "WFM"]
[WhiteElo "1770"]
[BlackElo "2061"]
[WhiteFideId "6412106"]
[BlackFideId "14001888"]
[EventDate "2020.06.19"]

1. d4 Nf6 2. Nf3 g6 3. Nc3 Bg7 4. e4 d6 5. Be3 O-O 6. Qd2 d5 7. exd5 Nxd5 8.
Nxd5 Qxd5 9. c4 Qd8 10. Be2 Bf5 11. O-O Nc6 12. Rfd1 Be4 13. Ng5 Bf5 14. Nf3 Qd7
15. Rac1 Rad8 16. b3 a6 17. d5 Ne5 18. Nxe5 Bxe5 19. Bf3 b6 20. Bh6 Rfe8 21. Bf4
Bg7 22. Bh6 e6 23. Bxg7 Kxg7 24. Qc3+ e5 25. Re1 f6 26. Rcd1 e4 27. Be2 Re5 28.
Bf1 Qe7 29. b4 g5 30. a3 Bg4 31. Rc1 Kg8 32. h3 Bh5 33. Be2 Bf7 34. Rcd1 f5 35.
Rd4 f4 36. Bf1 Re8 37. c5 Rxd5 38. Rxd5 Bxd5 39. cxb6 cxb6 40. Bxa6 Qe6 41. Bb5
Rc8 42. Qd4 Rd8 43. Qb2 e3 44. fxe3 fxe3 45. Qe2 Qe4 46. Bd3 Qxg2+ 47. Qxg2 Bxg2
48. Kxg2 Rxd3 49. Kf3 Rxa3 50. Rxe3 Rxe3+ 51. Kxe3 Kg7 52. Kd4 h5 53. Kd5 Kf6
54. Kc6 g4 55. hxg4 hxg4 56. Kxb6 g3 57. Ka6 g2 58. b5 g1=Q 59. b6 Qa1+ 60. Kb7
Ke7 61. Kc7 Qc3+ 62. Kb8 Qe5+ 63. Ka8 Qa5+ 64. Kb8 Qxb6+ 0-1

[Event "Women's Speed Chess Q2"]
[Site "chess.com INT"]
[Date "2020.06.19"]
[Round "5"]
[White "Kubicka, Anna"]
[Black "Tarasova, Viktoriya"]
[Result "1-0"]
[WhiteTitle "WIM"]
[BlackTitle "WIM"]
[WhiteElo "2256"]
[BlackElo "2226"]
[WhiteFideId "1152254"]
[BlackFideId "4175840"]
[EventDate "2020.06.19"]

1. e4 e5 2. Nf3 Nc6 3. Bb5 Nf6 4. d3 Bc5 5. O-O Nd4 6. Nxd4 Bxd4 7. c3 Bb6 8. d4
c6 9. Ba4 O-O 10. dxe5 Nxe4 11. Bc2 f5 12. exf6 Nxf6 13. Bg5 d5 14. Nd2 Qd6 15.
Nc4 Qc7 16. Nxb6 axb6 17. Re1 Ng4 18. g3 Nxf2 19. Qh5 Nh3+ 20. Kh1 Nxg5 21. Qxg5
Qf7 22. Rf1 Qxf1+ 23. Rxf1 Rxf1+ 24. Kg2 Rf6 25. Qh5 h6 26. Qe8+ Rf8 27. Qg6 Rf6
28. Qh7+ Kf7 29. a3 Bg4 30. Qd3 Bf3+ 31. Kh3 Re8 32. Qd4 b5 33. Qb6 Re7 34. Qa7
h5 35. Qb8 Bg4+ 36. Kh4 Rf2 37. Bb1 Rxh2+ 38. Kg5 Rhe2 39. Bg6+ Ke6 40. Qc8+ Kd6
41. Qd8+ Kc5 42. Bd3 Rxb2 43. Qxe7+ Kb6 44. Qe3+ Kc7 45. Qe7+ Kb6 46. Qxg7 Rd2
47. Qd4+ Kc7 48. Qe5+ Kb6 49. Bf5 Bxf5 50. Kxf5 Rf2+ 51. Kg5 Rf3 52. Kxh5 Kc5
53. g4 Kc4 54. Qd4+ Kb3 55. g5 Rxc3 56. g6 Rh3+ 57. Kg4 Rh1 58. Kf3 c5 59. Qd3+
Ka4 60. Qc2+ Ka5 61. Qxc5 Rf1+ 62. Kg2 Rd1 63. g7 Rd2+ 64. Kf3 Rd3+ 65. Ke2 Rg3
66. Qc7+ Ka6 67. Qxg3 1-0

[Event "Women's Speed Chess Q2"]
[Site "chess.com INT"]
[Date "2020.06.19"]
[Round "5"]
[White "Linares Napoles, Oleiny"]
[Black "Nandhidhaa, P V"]
[Result "0-1"]
[WhiteTitle "WGM"]
[BlackTitle "WGM"]
[WhiteElo "2215"]
[BlackElo "2365"]
[WhiteFideId "3504794"]
[BlackFideId "5050847"]
[EventDate "2020.06.19"]

1. c4 c5 2. Nc3 b6 3. g3 Bb7 4. e4 e6 5. Bg2 d6 6. Nge2 a6 7. O-O Be7 8. d3 Qc7
9. Be3 Nd7 10. f4 Ngf6 11. h3 O-O 12. Qd2 d5 13. exd5 exd5 14. cxd5 Qd6 15. Ne4
Qc7 16. Nxf6+ Nxf6 17. d6 Bxd6 18. Nc3 Rfe8 19. Rae1 Bxg2 20. Qxg2 Rad8 21. g4
h6 22. g5 hxg5 23. fxg5 Nh5 24. Ne4 g6 25. Rf3 Be5 26. Bc1 Bd4+ 27. Kh1 Rxe4 28.
dxe4 Be5 29. Qg4 Qc6 30. Kg2 Qb5 31. b3 c4 32. bxc4 Qxc4 33. Rb3 Qc2+ 34. Qe2
Qc6 35. Qxa6 Bd4 36. Qe2 Bc5 37. Rd3 Re8 38. Qg4 Qa4 39. Re2 Qc4 40. Qd7 Re7 41.
Qd8+ Kg7 42. Bb2+ f6 43. gxf6+ Nxf6 44. Bxf6+ Kxf6 45. Rf3+ Kg7 46. Qf8+ Kh7 47.
Rd2 Qxe4 48. Kg3 Qe5+ 0-1

[Event "Women's Speed Chess Q2"]
[Site "chess.com INT"]
[Date "2020.06.19"]
[Round "5"]
[White "Andriasyan, Siranush"]
[Black "Nikulina, Alena"]
[Result "0-1"]
[WhiteTitle "WIM"]
[BlackTitle "WFM"]
[WhiteElo "2298"]
[BlackElo "1887"]
[WhiteFideId "13301926"]
[BlackFideId "4172051"]
[EventDate "2020.06.19"]

1. e4 c5 2. Nf3 d6 3. d4 cxd4 4. Nxd4 Nf6 5. Nc3 a6 6. Be3 e6 7. f3 Be7 8. Qd2
b5 9. a3 Bb7 10. g4 Nbd7 11. g5 Nh5 12. Rg1 Nb6 13. f4 g6 14. Be2 Ng7 15. O-O-O
d5 16. exd5 Nxd5 17. Nxd5 Bxd5 18. f5 Nxf5 19. Nxf5 gxf5 20. Bd4 Rg8 21. h4 Rc8
22. Kb1 Be4 23. Bd3 Bxd3 24. Qxd3 Qc7 25. Bc3 Bxa3 26. Ba5 Qxa5 27. Qd7+ Kf8 28.
Qxc8+ Kg7 29. Qc3+ Qxc3 30. bxc3 Bc5 31. Rg3 f4 32. Rf3 Be3 33. Rd6 Rc8 34. Kb2
a5 35. h5 a4 36. g6 hxg6 37. hxg6 Kxg6 38. Rh3 Kg5 39. Rh7 Kf6 40. Rd7 Rf8 41.
Rb7 f3 42. Rh3 f2 43. Rf3+ Ke5 44. Rxe3+ Kf4 45. Rd3 f1=Q 46. Rxb5 e5 47. Rb4+
e4 48. Rdd4 a3+ 49. Kxa3 Qa1+ 50. Kb3 Qb1+ 51. Kc4 Qa2+ 52. Kc5 f5 53. Rdc4 Rc8+
54. Kd5 Qa5+ 55. Kd4 Rxc4+ 56. Rxc4 Qb6+ 57. Kd5 Kf3 58. Rc6 Qb5+ 59. Rc5 Qd7+
60. Ke5 e3 61. c4 e2 0-1

[Event "Women's Speed Chess Q2"]
[Site "chess.com INT"]
[Date "2020.06.19"]
[Round "5"]
[White "Michelle Catherina, P"]
[Black "Lahav, Michal"]
[Result "0-1"]
[WhiteTitle "WIM"]
[BlackTitle "WIM"]
[WhiteElo "2176"]
[BlackElo "2219"]
[WhiteFideId "5005736"]
[BlackFideId "2813742"]
[EventDate "2020.06.19"]

1. d4 Nf6 2. Nf3 e6 3. Bf4 c5 4. e3 Nc6 5. c3 cxd4 6. exd4 d5 7. Bd3 Be7 8. O-O
O-O 9. Nbd2 a6 10. Ne5 Bd7 11. Re1 b5 12. Ndf3 b4 13. Qd2 Rc8 14. Bxa6 bxc3 15.
bxc3 Rc7 16. Nxd7 Rxd7 17. Bb5 Qb6 18. Reb1 Ra7 19. a4 Na5 20. Ne5 Qd8 21. Qe2
Bd6 22. Bg5 Be7 23. h3 Ne4 24. Bxe7 Qxe7 25. Qe3 Rc8 26. c4 f6 27. cxd5 exd5 28.
Nd3 Nc3 29. Qxe7 Rxe7 30. Rc1 Ne2+ 31. Kf1 Nxc1 32. Rxc1 Rxc1+ 33. Nxc1 Rc7 34.
Nd3 Nb3 35. Nb4 Nxd4 36. g3 Kf7 37. Nxd5 Rc1+ 38. Kg2 Ke6 39. Nf4+ Kd6 40. Bd3
h6 41. Nh5 Ne6 42. Bf5 Nd4 43. Be4 g5 44. Bd3 Ke5 45. a5 Ra1 46. a6 Nf5 47. Bf1
Ra2 48. Bc4 Ra4 49. Bd3 Ra3 50. Bf1 Ra2 51. Bd3 Ra4 52. Bb5 Ra3 53. Bc4 Ra5 54.
Bf1 Nd6 55. Ng7 Ra2 56. h4 Ne4 57. hxg5 hxg5 58. Bd3 Rxf2+ 59. Kg1 Ra2 60. Bxe4
Kxe4 61. Ne8 Rxa6 62. Kg2 Ke3 63. Kh3 Kf3 64. Ng7 g4+ 65. Kh4 Ra1 0-1

[Event "Women's Speed Chess Q2"]
[Site "chess.com INT"]
[Date "2020.06.19"]
[Round "5"]
[White "Ni, Shiqun"]
[Black "Efimenko, Maria"]
[Result "1-0"]
[WhiteTitle "WGM"]
[BlackTitle "WIM"]
[WhiteElo "2389"]
[BlackElo "2245"]
[WhiteFideId "8608466"]
[BlackFideId "14124327"]
[EventDate "2020.06.19"]

1. d4 d6 2. Nf3 Nf6 3. c4 g6 4. Nc3 Bf5 5. Nh4 Bg4 6. Qb3 Qc8 7. h3 Be6 8. e4
Bg7 9. Nf3 O-O 10. Be2 c5 11. d5 Bd7 12. O-O Na6 13. Bf4 Nc7 14. Rfe1 a6 15. a4
b5 16. axb5 axb5 17. cxb5 Qb7 18. Nd2 Rfb8 19. Rxa8 Qxa8 20. Bc4 Qa5 21. e5 Nh5
22. Bh2 dxe5 23. Bxe5 Bxe5 24. Rxe5 Kf8 25. Re1 Nxb5 26. Nde4 Qb6 27. Ra1 Nxc3
28. Qxc3 Ng7 29. b3 Bf5 30. Ra6 Qb4 31. Qxb4 cxb4 32. Nc5 Ne8 33. g4 Bc8 34. Ra7
Nd6 35. Bd3 Ke8 36. Kg2 Nb5 37. Ra5 Nd4 38. Bc4 Kd8 39. Kg3 Bb7 40. Ra7 Bc8 41.
h4 Nb5 42. Ra5 Nd6 43. Be2 Bb7 44. Bf3 Bc8 45. h5 Rb5 46. Rxb5 Nxb5 47. Kf4 Nd4
48. Bd1 gxh5 49. gxh5 h6 50. Ke5 Nf5 51. Bc2 f6+ 52. Kf4 Nd4 53. Bd1 Kc7 54. Ke4
Nf5 55. Nd3 Nd6+ 56. Kd4 Nf5+ 57. Kc5 Nd6 58. Nxb4 Ne4+ 59. Kd4 Nxf2 60. Be2 Kd6
61. Nc2 Nh3 62. Ne3 Nf4 63. Nc4+ Kc7 64. Bf3 Bf5 65. b4 e5+ 66. dxe6 Nxe6+ 67.
Kc3 Kb8 68. b5 1-0

[Event "Women's Speed Chess Q2"]
[Site "chess.com INT"]
[Date "2020.06.19"]
[Round "5"]
[White "Rakshitta, Ravi"]
[Black "Divya, Deshmukh"]
[Result "0-1"]
[WhiteTitle "WIM"]
[BlackTitle "WIM"]
[WhiteElo "2190"]
[BlackElo "2305"]
[WhiteFideId "25073230"]
[BlackFideId "35006916"]
[EventDate "2020.06.19"]

1. e4 c5 2. Nf3 d6 3. d4 cxd4 4. Nxd4 Nf6 5. Nc3 Nc6 6. g3 e5 7. Nde2 Be7 8. Bg2
O-O 9. O-O Be6 10. Bg5 h6 11. Bxf6 Bxf6 12. Nd5 Bxd5 13. Qxd5 Qc7 14. c3 Rfd8
15. Rad1 Ne7 16. Qb3 a5 17. a4 Ra6 18. Rd2 Rb6 19. Qa3 Nc8 20. h4 Rc6 21. Rfd1
Nb6 22. Rd3 Be7 23. Qa2 Rc4 24. b3 Rc6 25. Qd2 Nd7 26. c4 Nc5 27. Re3 Rb6 28.
Qc2 Qc8 29. Rb1 Ne6 30. Bh3 Nd4 31. Nxd4 Qxh3 32. Nf5 Bf8 33. Rd1 g6 34. c5 Rc6
35. Nxd6 Rdxd6 36. Rxd6 Bxd6 37. Rd3 Bxc5 38. Qd2 Bd4 39. Qd1 Qe6 40. Kg2 Qc8
41. h5 Kg7 42. hxg6 Rxg6 43. Rf3 Qc6 44. Qd3 Qe6 45. Qb5 Qc6 46. Qd3 h5 47. Rf5
h4 48. Qf3 Qe6 49. Qh5 hxg3 50. fxg3 Qc6 51. Qf3 Qc2+ 52. Kh3 Qc8 53. Kg2 f6 54.
Qe2 Qc3 55. Rf3 Qc6 56. Rd3 Rg5 57. Rd2 f5 58. Kf1 Qxe4 59. Qh2 Qf3+ 60. Ke1
Qe3+ 61. Kd1 Qxb3+ 62. Ke2 Qe3+ 63. Kd1 Qg1+ 64. Qxg1 Bxg1 65. Rd7+ Kh6 66. Rxb7
Rxg3 67. Rb5 Bd4 68. Rxa5 f4 69. Ke2 Re3+ 70. Kd2 Bc3+ 0-1

[Event "Women's Speed Chess Q2"]
[Site "chess.com INT"]
[Date "2020.06.19"]
[Round "5"]
[White "Aakanksha, Hagawane"]
[Black "Diakonova, Ekaterina"]
[Result "0-1"]
[WhiteTitle "WIM"]
[WhiteElo "2238"]
[BlackElo "2209"]
[WhiteFideId "25014510"]
[BlackFideId "24172936"]
[EventDate "2020.06.19"]

1. e4 c6 2. Nc3 d5 3. Nf3 Bg4 4. Be2 e6 5. h3 Bxf3 6. Bxf3 Nf6 7. exd5 cxd5 8.
d4 Bd6 9. O-O Nc6 10. Re1 O-O 11. Ne2 h6 12. c3 b5 13. Nf4 b4 14. Nd3 bxc3 15.
bxc3 Qa5 16. Bd2 Qa3 17. Qb3 Rab8 18. Qxa3 Bxa3 19. Rab1 Na5 20. Bf4 Rxb1 21.
Rxb1 Rc8 22. Bd2 Nc4 23. Be1 Nb6 24. Ne5 Ne8 25. Be2 Nd6 26. Rb3 Bc1 27. h4 Ndc4
28. Nxc4 dxc4 29. Rb5 Rc7 30. f3 Bf4 31. g3 Bd6 32. f4 Kf8 33. Bf3 Ke7 34. Kf2
Kd7 35. Kg2 Be7 36. Bf2 Na4 37. Be1 Nb6 38. d5 Rc5 39. Rxc5 Bxc5 40. dxe6+ Kxe6
41. Bf2 Bxf2 42. Kxf2 Na4 43. Ke3 Nxc3 44. Kd4 Nxa2 45. Kxc4 a5 46. Bd5+ Ke7 47.
Be4 Nb4 48. Kb5 Kd6 49. Kxa5 Nc6+ 50. Ka4 Kc5 51. Kb3 Nd8 52. Kc3 Ne6 53. Kd3
Kd6 54. Ke3 Kc5 55. g4 Nd8 56. f5 f6 57. Kf4 Kd4 58. Bb1 Nf7 59. Ba2 Ne5 60. Be6
Nd3+ 61. Kf3 Ke5 62. Bc4 Nc5 63. Ba2 Ne4 64. Ke3 Nc3 65. Bb3 Nb5 66. Bc2 Nd4 67.
Bd3 Nc6 68. Bc4 Ne7 69. Bd3 Nc8 70. Kf3 Nd6 71. Ke3 Nb5 72. Kf3 Nd4+ 73. Ke3 Nc6
74. Kf3 Nb4 75. Bb1 Nd5 76. Bd3 Nc3 77. Ke3 Na4 78. Bc4 Nc5 79. Bd3 Nxd3 80.
Kxd3 Kf4 81. g5 hxg5 82. hxg5 Kxg5 83. Ke4 Kg4 84. Ke3 Kxf5 85. Kf3 g5 0-1